| 000 | 00586cam a2200217 4500 | ||
|---|---|---|---|
| 008 | 090401t1992 xxu||||| |||| 00| 0 eng d | ||
| 020 | _a0419171908 | ||
| 035 | _a(Sirsi) u62445 | ||
| 041 | _aeng | ||
| 050 | _a808.066 | ||
| 100 | _aKirkman, John | ||
| 245 | _aGood style: writing for science and technology. | ||
| 260 |
_aLondon _bE. & F. N. Spon _c1992 |
||
| 300 | _aviii,221p. ; 24cm. | ||
| 350 | _a10.95 | ||
| 650 | _aREPORT WRITING | ||
| 650 | _aTECHNICAL WRITING | ||
| 690 | _aMANAGEMENT-BUSINESS MANAGEMENT-PROFESSIONAL PRACTICE | ||
| 942 | _n0 | ||
| 948 | _c04/03/1997 | ||
| 999 |
_c94415 _d94415 |
||